• 首页
  • 本馆介绍
  • 公告通知
  • 最新文献
  • 馆藏检索
  • 电子资源
  • 读者导购
  • 参考咨询
  • 我的图书馆
  • 登录
  • 详细信息显示
  • 放入我的书架
  • 预约/预借图书
  • 作者相关作品
  • 分类相关作品
  • 丛书相关作品
  • 出版社相关作品

书目信息

  • 表格格式
  • 工作单格式
  • 卡片格式
书名: Introduction to graph theory
作者: Robin J. Wilson.
分册号:
分册名:
出版地: London :
 
出版社: Longman
出版时间: 1979.
页数: viii, 163 p. :
开本: 22 cm.
丛书名:
中图分类号:
科图分类号:
其他分类号: O157.5
主题词:
电子资源:
000 00656nam 22000253i 45
001 E0735596533
003 OCoLC
005 20070726095723.68
008 991123s1979 enk 000 0 eng d
020    @a0582443970.
040    @aCNO@cCNO
090    @aP133.7/W81
090    @aO157.5
099    @dO157.5@ex57=2
100 1  @aWilson, Robin J.
245 10 @aIntroduction to graph theory / @cRobin J. Wilson.
250    @a2d ed.
260    @aLondon :@bLongman,@c1979.
300    @aviii, 163 p. :@bill. ;@c22 cm.
500    @aIncludes index.
504    @aBibliography: p. [156]-157.
650  0 @aGraph theory.
905    @a84-01226@bLib
920    @a232010@z2
    
    Introduction to graph theory / / Robin J. Wilson.-2d ed.-London : : Longman, , 1979.
    viii, 163 p. : : ill. ; ; 22 cm.
    Includes index.-Bibliography: p. [156]-157.
    
    ISBN 0582443970.
    
●
相关链接 在E读中查询图书 在五车中查询图书 在当当中查询图书 在豆瓣中查询图书


正题名:Introduction to graph theory     索取号:O157.5/x57=2         预约/预借

序号 登录号 条形码 馆藏地/架位号 状态 备注
1 0013928   300139286   第二样本阅览室/ [索取号:O157.5/x57=2] 在馆    
唐山师范学院图书馆 欢迎您!
大连网信软件有限公司© 版权所有